000 01415cam a22004097a 4500
001 17429413
003 OSt
005 20171214151151.0
008 120814t20132013nyuab b 001 0 eng d
010 _a 2012947030
020 _a9781461442615 (alk. paper)
020 _a1461442613 (alk. paper)
020 _z9781461442622 (ebk.)
035 _a(OCoLC)ocn798797417
040 _aYDXCP
_beng
_cYDXCP
_dBWX
_dCDX
_dOCLCO
_dOCLCQ
_dIXA
_dOHX
_dOCLCF
_dCN8BJ
_dOCLCQ
_dDLC
042 _alccopycat
050 0 0 _aQD33.2
_b.R68 2013
050 1 4 _aTP145
082 0 4 _a620.11
_bROU 2013
100 1 _aRoussak, O. V.
_912316
245 1 0 _aApplied chemistry :
_ba textbook for engineers and technologists /
_cO.V. Roussak, H.D. Gesser.
250 _aSecond edition.
264 1 _aNew York :
_bSpringer,
_c2013
300 _axxiv, 372 pages :
_bcol.ill, maps ;
_c26 cm
336 _atext
_btxt
_2rdacontent
336 _astill image
_bsti
_2rdacontent
337 _aunmediated
_bn
_2rdamedia
338 _avolume
_bnc
_2rdacarrier
504 _aIncludes bibliographical references and index.
650 0 _aChemistry.
_9797
650 7 _aChemistry.
_2fast
_0(OCoLC)fst00853344
_9797
700 1 _aGesser, Hyman D.,
_912317
906 _a7
_bcbc
_ccopycat
_d2
_eepcn
_f20
_gy-gencatlg
942 _2ddc
_cSLOAN
999 _c5931
_d5931